| 000 | 00663nam a22002297a 4500 | ||
|---|---|---|---|
| 999 |
_c3330 _d3330 |
||
| 003 | URS | ||
| 005 | 20220114142448.0 | ||
| 008 | 190404s1995 ilua b 001 0 eng | ||
| 020 | _a0256135592 | ||
| 040 |
_cURS _drda _beng |
||
| 050 | 0 | 0 |
_aHG 4521 _b.B667 1995 |
| 100 | 1 | _aBodie, Zvi. | |
| 245 | 2 | 0 |
_aEssentials of investments _cZvi Bodie, Alex Kane, Alan J. Marcus. |
| 250 | _aSecond edition | ||
| 260 |
_aChicago : _bIrwin, _c[1995] |
||
| 300 |
_axii, 889 pages _bwith illustrations _c26 cm |
||
| 504 | _aIncludes bibliographical references and indexes. | ||
| 650 | 0 | _aInvestments. | |
| 700 | 1 | _aKane, Alex, | |
| 700 | 1 | _aMarcus, Alan J. | |
| 942 |
_2lcc _cFR |
||